Kaaris ou Booba ? - Statistiques

Statistiques générales
  • Ce quiz a été pris 234 fois
  • Le résultat moyen est 8 sur 10
Statistiques - réponses
Question Réponse % Correct
Utilise un nom de scène Les deux
100%
Est l'auteur de la chanson "Zoo" Kaaris
95%
Est l'auteur de la chanson "Validée" Booba
93%
A publié plus de 6 albums studio Les deux
91%
Est né en Côte d'Ivoire Kaaris
86%
A plusieurs albums contenant le mot "Or" Kaaris
84%
A déjà été en prison Les deux
84%
Est né en 1976 Booba
79%
Est producteur d'une série Booba
31%
A au moins un album certifié disque de diamant Booba
29%
Aucun quiz correspondant
Distribution des résultats
% des personnes avec chaque résultat
Percentile par nombre de réponses
Votre historique - résultats
Vous n’avez pas pris ce quiz